| Tag |
First Indicator |
Second Indicator |
Subfields |
| LEADER |
00000pam a2200000 a 4500 |
| 001 |
in00000090013 |
| 005 |
20151008063620.0 |
| 008 |
720918s1973 txu b 00110 engm |
| 010 |
|
|
|a 72003781
|
| 020 |
|
|
|a 0292720025
|
| 035 |
|
|
|a (OCoLC)00446020
|
| 035 |
|
|
|9 AAK2597AM
|
| 040 |
|
|
|a DLC
|c DLC
|d TXA
|d UtOrBLW
|
| 043 |
|
|
|a e-sp---
|a n-mx---
|
| 049 |
|
|
|a TXAM
|c [1442406]
|
| 050 |
0 |
0 |
|a F1392.S7
|b F3
|
| 082 |
0 |
|
|a 301.45/16/1072
|
| 100 |
1 |
|
|a Fagen, Patricia Weiss,
|d 1940-
|
| 245 |
1 |
0 |
|a Exiles and citizens :
|b Spanish Republicans in Mexico /
|c by Patricia W. Fagen.
|
| 264 |
|
1 |
|a Austin :
|b published for the Institute of Latin American Studies by the University of Texas Press,
|c [1973]
|
| 264 |
|
4 |
|c ©1973
|
| 300 |
|
|
|a x, 250 pages ;
|c 23 cm.
|
| 336 |
|
|
|a text
|b txt
|2 rdacontent
|
| 337 |
|
|
|a unmediated
|b n
|2 rdamedia
|
| 338 |
|
|
|a volume
|b nc
|2 rdacarrier
|
| 490 |
1 |
|
|a Latin American monographs ;
|v no. 29
|
| 500 |
|
|
|a Includes index.
|
| 504 |
|
|
|a Bibliography: pages [233]-242.
|
| 650 |
|
0 |
|a Spaniards
|z Mexico.
|
| 651 |
|
0 |
|a Spain
|x History
|y Civil War, 1936-1939
|x Refugees.
|
| 830 |
|
0 |
|a Latin American monographs (University of Texas at Austin. Institute of Latin American Studies) ;
|v no. 29.
|
| 999 |
|
|
|a MARS
|
| 999 |
f |
f |
|s 83252f11-986e-31eb-801f-95162cf05c1a
|i 8c4a3486-3c20-38a3-b371-e49af60c7a23
|t 0
|
| 952 |
f |
f |
|p ric
|a Texas A&M University
|b Rellis Campus
|c Joint Library Facility
|d Remote Storage
|t 0
|e F1392.S7 F3
|h Library of Congress classification
|i unmediated -- volume
|m A14806111589
|
| 998 |
f |
f |
|a F1392.S7 F3
|t 0
|l Remote Storage
|